Sears and Zemansky's university physics with modern physics (Record no. 554312)
[ view plain ]
| 000 -LEADER | |
|---|---|
| fixed length control field | 00597cam a22001935i 4500 |
| 003 - CONTROL NUMBER IDENTIFIER | |
| control field | OSt |
| 005 - DATE AND TIME OF LATEST TRANSACTION | |
| control field | 20210314135051.0 |
| 008 - FIXED-LENGTH DATA ELEMENTS--GENERAL INFORMATION | |
| fixed length control field | 201023b ||||| |||| 00| 0 eng d |
| 040 ## - CATALOGING SOURCE | |
| Transcribing agency | Library of Congress catalog card |
| 082 ## - DEWEY DECIMAL CLASSIFICATION NUMBER | |
| Classification number | 530 |
| Author Mark | YOU |
| 100 ## - MAIN ENTRY--PERSONAL NAME | |
| Personal name | Young, Hugh D |
| 9 (RLIN) | 3959 |
| 245 00 - TITLE STATEMENT | |
| Title | Sears and Zemansky's university physics with modern physics |
| 250 ## - EDITION STATEMENT | |
| Edition statement | 14th ed. / |
| 260 ## - PUBLICATION, DISTRIBUTION, ETC. | |
| Place of publication, distribution, etc. | india. |
| Name of publisher, distributor, etc. | Pearson, |
| Date of publication, distribution, etc. | 2018. |
| 300 ## - PHYSICAL DESCRIPTION | |
| Extent | 1593p. |
| Other physical details | illustrations (some color) ; |
| Dimensions | 28 cm. |
| 526 ## - STUDY PROGRAM INFORMATION NOTE | |
| Program name | 0 |
| Interest level | 0 |
| Reading level | 0 |
| Title point value | 530_000000000000000_YOU |
| 526 ## - STUDY PROGRAM INFORMATION NOTE | |
| Program name | 0 |
| Interest level | 0 |
| Reading level | 0 |
| Title point value | 530_000000000000000_YOU |
| 942 ## - ADDED ENTRY ELEMENTS (KOHA) | |
| Source of classification or shelving scheme | |
| Koha item type | Book |
| Source of classification or shelving scheme | |
| Withdrawn status | Lost status | Source of classification or shelving scheme | Damaged status | Not for loan | Permanent Location | Current Location | Date acquired | Total Checkouts | Total Renewals | Full call number | Barcode | Date last seen | Date last checked out | Price effective from | Koha item type |
|---|---|---|---|---|---|---|---|---|---|---|---|---|---|---|---|
| Military College of Engineering (MCE) | Military College of Engineering (MCE) | 10/25/2019 | 1 | 1 | 530 YOU | MCE-51381 | 11/23/2020 | 11/23/2020 | 10/25/2019 | Book | |||||
| Military College of Engineering (MCE) | Military College of Engineering (MCE) | 10/25/2019 | 1 | 530 YOU | MCE-51382 | 01/31/2020 | 10/29/2019 | 10/25/2019 | Book |
